| 000 | 00348nam a22001457a 4500 | ||
|---|---|---|---|
| 020 | _a81-7963-108-7 | ||
| 082 |
_a425 _bVIJ/H |
||
| 100 | _aKUMAR,VIJAYA | ||
| 245 | _aHANDWRITING ANALYSIS | ||
| 246 |
_aHANDWRITING ANALYSIS _bHANDWRITING ANALYSIS |
||
| 260 |
_aMUMBAI _bSHREE |
||
| 300 | _a95 | ||
| 650 |
_aHANDWRITING ANALYSIS _zMUMBAI |
||
| 942 | _cBK | ||
| 999 |
_c3774 _d3774 |
||